[Event "Buenos Aires Szmetan Giardelli op"]
[Site "Buenos Aires"]
[Date "2018.12.08"]
[Round "5"]
[White "Pierucci, Fabian"]
[Black "Churba, Daniel Albert"]
[Result "0-1"]
[WhiteElo "1937"]
[BlackElo "2120"]
[PlyCount "116"]
[EventDate "2018.12.04"]
[EventType "swiss"]
[EventRounds "9"]
[EventCountry "ARG"]
[SourceTitle "CBM 187 Extra"]
[Source "ChessBase"]
[SourceDate "2018.11.04"]
[SourceVersion "1"]
[SourceVersionDate "2018.11.04"]
[SourceQuality "1"]

1. e4 d5 2. exd5 Nf6 3. Nc3 Nxd5 4. Bc4 Nf6 5. d4 g6 6. Nf3 Bg7 7. 0-0 0-0 8. Re1 Nbd7 9. Bg5 Nb6 10. Bb3 h6 11. Bh4 Bg4 12. Bg3 Nfd7 13. h3 Bh5 14. Qd3 g5 15. Be5 e6 16. Bxg7 Kxg7 17. d5 Bxf3 18. Qxf3 e5 19. a4 f5 20. a5 Nc8 21. Ne2 Nd6 22. c4 Qf6 23. Ng3 Kh8 24. Qe2 Rae8 25. Bc2 e4 26. b4 a6 27. Ba4 Re7 28. Bxd7 Rxd7 29. Rac1 Re7 30. c5 Nb5 31. Qd2 Rd7 32. Red1 Qe5 33. c6 bxc6 34. Rxc6 Rf6 35. Rxf6 Qxf6 36. Nh5 Qe5 37. f4 exf3 38. Re1 Rxd5 39. Rxe5 Rxd2 40. Rxf5 Rxg2+ 41. Kf1 Nd4 42. Rf7 Kg8 43. Rxc7 Nf5 44. Rc3 Nh4 45. Nf6+ Kg7 46. Ng4 Rb2 47. Rc7+ Kf8 48. Nxh6 Rxb4 49. Rc6 Rb1+ 50. Kf2 Rb2+ 51. Kf1 Ke7 52. Rxa6 Kd7 53. Ng4 Kc7 54. Ra7+ Kd6 55. Rg7 Nf5 56. Rxg5 Ng3+ 57. Ke1 Rb1+ 58. Kf2 Ne4+ 0-1

[Event "Buenos Aires Szmetan Giardelli op"]
[Site "Buenos Aires"]
[Date "2018.12.07"]
[Round "4"]
[White "Churba, Daniel Albert"]
[Black "Toniutti, Ezio"]
[Result "0-1"]
[WhiteElo "2120"]
[BlackElo "2301"]
[PlyCount "120"]
[EventDate "2018.12.04"]
[EventType "swiss"]
[EventRounds "9"]
[EventCountry "ARG"]
[SourceTitle "CBM 187 Extra"]
[Source "ChessBase"]
[SourceDate "2018.11.04"]
[SourceVersion "1"]
[SourceVersionDate "2018.11.04"]
[SourceQuality "1"]

1. Nf3 f5 2. d4 Nf6 3. g3 g6 4. Bg2 Bg7 5. 0-0 0-0 6. c4 d6 7. Nc3 c6 8. Qc2 Na6 9. a3 Qc7 10. d5 cxd5 11. cxd5 Ne4 12. Bd2 Bd7 13. Rac1 Rac8 14. Ng5 Nxc3 15. Bxc3 Bxc3 16. Qb3 Qa5 17. Rxc3 Rxc3 18. bxc3 Nc5 19. Qb4 Qxb4 20. cxb4 Nb3 21. Rb1 Nd4 22. e3 Nb5 23. Rc1 Rc8 24. Rxc8+ Bxc8 25. a4 Nc3 26. a5 Na2 27. b5 Nc3 28. Bf1 Bd7 29. Ne6 Bxe6 30. dxe6 Na4 31. Bg2 b6 32. axb6 axb6 33. e4 Kg7 34. h4 Kf6 35. f4 Kxe6 36. h5 Kf6 37. hxg6 hxg6 38. Kf2 Nc5 39. exf5 gxf5 40. Ke3 e5 41. Bd5 Ne6 42. Bb3 Nc7 43. Bc4 d5 44. fxe5+ Kxe5 45. Bd3 Ne6 46. Bf1 Nc5 47. Kf3 Ne4 48. Be2 d4 49. Bd3 Nc5 50. Bc4 Ne4 51. Bd3 Ng5+ 52. Kf2 f4 53. g4 Kd5 54. Ke2 Kc5 55. Kd2 Kd5 56. Ke2 Nf7 57. Bb1 Ke5 58. Bd3 Kf6 59. Be4 Ne5 60. Bf3 Kg5 0-1

[Event "Buenos Aires Szmetan Giardelli op"]
[Site "Buenos Aires"]
[Date "2018.12.05"]
[Round "2"]
[White "Cuevas, Alex"]
[Black "Churba, Daniel Albert"]
[Result "1-0"]
[WhiteElo "2285"]
[BlackElo "2120"]
[PlyCount "77"]
[EventDate "2018.12.04"]
[EventType "swiss"]
[EventRounds "9"]
[EventCountry "ARG"]
[SourceTitle "CBM 187 Extra"]
[Source "ChessBase"]
[SourceDate "2018.11.04"]
[SourceVersion "1"]
[SourceVersionDate "2018.11.04"]
[SourceQuality "1"]

1. e4 c5 2. Nf3 Nc6 3. d4 cxd4 4. Nxd4 Nf6 5. Nc3 d6 6. g3 e5 7. Nde2 h6 8. Bg2 Be7 9. 0-0 0-0 10. Kh1 Be6 11. f4 exf4 12. gxf4 Rc8 13. Be3 Qa5 14. Nd5 Bxd5 15. exd5 Nb4 16. Nc3 Qc7 17. Bf3 Qd7 18. a3 Na6 19. Bxa7 Qf5 20. Bd4 Qxf4 21. Bxf6 Bxf6 22. Bg4 Qe3 23. Bxc8 Rxc8 24. Rxf6 Rxc3 25. bxc3 gxf6 26. Qg1+ Qxg1+ 27. Rxg1+ Kf8 28. Rf1 Ke7 29. Rf4 Nc5 30. Rh4 f5 31. Rxh6 Ne4 32. c4 Nd2 33. c5 dxc5 34. Rb6 Nc4 35. Rxb7+ Kd6 36. Rxf7 Ke5 37. h4 f4 38. h5 Nd6 39. Rf8 1-0

[Event "ARG-ch sf 93rd"]
[Site "Buenos Aires"]
[Date "2018.05.23"]
[Round "5"]
[White "Churba, Daniel Albert"]
[Black "Borda Rodas, Anapaola S"]
[Result "1-0"]
[WhiteElo "2092"]
[BlackElo "2023"]
[PlyCount "49"]
[EventDate "2018.05.19"]
[EventType "swiss"]
[EventRounds "9"]
[EventCountry "ARG"]
[SourceTitle "CBM 184 Extra"]
[Source "ChessBase"]
[SourceDate "2018.06.28"]
[SourceVersion "1"]
[SourceVersionDate "2018.06.28"]
[SourceQuality "1"]

1. Nf3 Nf6 2. c4 g6 3. b3 Bg7 4. Bb2 b6 5. g3 Bb7 6. Bg2 0-0 7. 0-0 e6 8. d4 c5 9. d5 exd5 10. cxd5 Na6 11. Na3 Nb4 12. d6 Re8 13. Nb5 Nfd5 14. Bxg7 Kxg7 15. h3 Na6 16. Nh4 Bc6 17. Bxd5 Bxb5 18. e4 Rb8 19. f4 Bxf1 20. Qxf1 b5 21. e5 Rb6 22. Re1 f5 23. exf6+ Kxf6 24. Rxe8 Qxe8 25. Qa1+ 1-0

[Event "ARG-ch sf 92nd"]
[Site "Buenos Aires"]
[Date "2017.07.13"]
[Round "4"]
[White "Churba, Daniel Albert"]
[Black "Miranda, Rafael"]
[Result "0-1"]
[WhiteElo "2026"]
[BlackElo "2175"]
[PlyCount "124"]
[EventDate "2017.07.10"]
[EventType "swiss"]
[EventRounds "9"]
[EventCountry "ARG"]
[SourceTitle "EXT 2018"]
[Source "ChessBase"]
[SourceDate "2017.10.13"]
[SourceVersion "1"]
[SourceVersionDate "2017.10.13"]
[SourceQuality "1"]

1. Nf3 Nf6 2. c4 g6 3. b3 Bg7 4. Bb2 0-0 5. g3 d6 6. Bg2 e5 7. 0-0 Re8 8. d3 Nbd7 9. Nbd2 a5 10. a3 c6 11. Qc2 h6 12. b4 Qc7 13. Rfc1 b6 14. b5 Bb7 15. bxc6 Bxc6 16. Rab1 Rac8 17. Ba1 Nc5 18. Bh3 Rb8 19. e4 Ba4 20. Qc3 Nh7 21. Nf1 Nf8 22. Ne3 Nfe6 23. Nd5 Qa7 24. Re1 b5 25. cxb5 Bxb5 26. Bf1 Kh7 27. Qd2 Bc6 28. Bc3 Nb3 29. Qa2 Nec5 30. Nd2 a4 31. Nc4 Qd7 32. Nce3 Nd4 33. Bxd4 exd4 34. Nc2 Rb3 35. Ncb4 Bb5 36. Rbd1 Kh8 37. Nf4 h5 38. Nbd5 Bc6 39. h4 Reb8 40. Nb4 Bb5 41. Qa1 Rc3 42. Ne2 Rxd3 43. Nxd3 Nxd3 44. Nxd4 Nxe1 45. Rxe1 Bxf1 46. Rxf1 Qa7 47. Rd1 Qc5 48. Rd3 d5 49. e5 Bxe5 50. Qd1 Bxd4 51. Rxd4 Rb1 52. Qxb1 Qxd4 53. Qb7 Kg7 54. Kg2 Qe4+ 55. Kg1 Qc4 56. Qe7 d4 57. g4 Qe6 58. Qxe6 fxe6 59. g5 e5 60. f4 exf4 61. Kf2 Kf7 62. Kf3 d3 0-1

[Event "Villa Martelli zt 2.5"]
[Site "Villa Martelli"]
[Date "2017.04.30"]
[Round "1"]
[White "Churba, Daniel Albert"]
[Black "Cimer, Emanuel"]
[Result "0-1"]
[WhiteElo "2074"]
[BlackElo "2306"]
[PlyCount "51"]
[EventDate "2017.04.30"]
[EventType "swiss"]
[EventRounds "9"]
[EventCountry "ARG"]
[SourceTitle "CBM 178 Extra"]
[Source "ChessBase"]
[SourceDate "2017.06.22"]
[SourceVersion "1"]
[SourceVersionDate "2017.06.22"]
[SourceQuality "1"]

1. Nf3 g6 2. g3 Bg7 3. Bg2 d6 4. d4 Nf6 5. 0-0 0-0 6. c4 Nbd7 7. Nc3 e5 8. e4 c6 9. h3 Qa5 10. d5 cxd5 11. cxd5 b5 12. Nd2 b4 13. Nb3 Qc7 14. Ne2 Ba6 15. Be3 Qc4 16. Nbc1 Rfc8 17. Re1 Qc2 18. Qd2 Rab8 19. Rd1 Rb7 20. f3 Nh5 21. Bf1 f5 22. g4 Nhf6 23. g5 Nh5 24. Qxc2 Rxc2 25. Rd2 Rbc7 26. Ng3 0-1

[Event "Buenos Aires La Porta Cup-A"]
[Site "Buenos Aires"]
[Date "2017.03.25"]
[Round "2"]
[White "Bachmann, Axel"]
[Black "Churba, Daniel Albert"]
[Result "1-0"]
[WhiteElo "2646"]
[BlackElo "2114"]
[PlyCount "99"]
[EventDate "2017.03.25"]
[EventType "swiss"]
[EventRounds "9"]
[EventCountry "ARG"]
[SourceTitle "CBM 177 Extra"]
[Source "ChessBase"]
[SourceDate "2017.04.27"]
[SourceVersion "1"]
[SourceVersionDate "2017.04.27"]
[SourceQuality "1"]

1. Nf3 Nf6 2. c4 g6 3. Nc3 Bg7 4. e4 d6 5. d4 0-0 6. h3 e5 7. d5 a5 8. Be3 Na6 9. Be2 Nc5 10. Nd2 Ne8 11. g4 f5 12. gxf5 gxf5 13. Qc2 f4 14. Bxc5 dxc5 15. Bg4 Nd6 16. 0-0-0 Kh8 17. Kb1 Qe8 18. Qd3 Bd7 19. Rhg1 Rb8 20. Bxd7 Qxd7 21. Nb5 Bf6 22. Rg4 Rg8 23. Rdg1 Rg7 24. Kc2 Rbg8 25. Qe2 Nf7 26. Qd3 Nd6 27. Nxd6 cxd6 28. Qe2 a4 29. Nb1 Bd8 30. Nc3 Rxg4 31. Rxg4 Rxg4 32. Qxg4 Qxg4 33. hxg4 Kg7 34. f3 Kg6 35. Nxa4 Kg5 36. Nc3 Kh4 37. Kd3 h5 38. gxh5 Kxh5 39. a3 Kg6 40. Nb5 Be7 41. b4 cxb4 42. axb4 Kf7 43. c5 dxc5 44. d6 Bd8 45. bxc5 Ke6 46. Kc4 Ba5 47. Nc7+ Kd7 48. Kd5 Bc3 49. Ne6 Bb2 50. Nf8+ 1-0

[Event "Montevideo Duchamp Cup 1st"]
[Site "Montevideo"]
[Date "2017.02.12"]
[Round "5"]
[White "Lujan, Carolina"]
[Black "Churba, Daniel Albert"]
[Result "1-0"]
[WhiteElo "2385"]
[BlackElo "2111"]
[PlyCount "67"]
[EventDate "2017.02.09"]
[EventType "swiss"]
[EventRounds "9"]
[EventCountry "URU"]
[SourceTitle "CBM 176 Extra"]
[Source "ChessBase"]
[SourceDate "2017.03.02"]
[SourceVersion "1"]
[SourceVersionDate "2017.03.02"]
[SourceQuality "1"]

1. e4 c5 2. Nc3 Nc6 3. g3 g6 4. Bg2 Bg7 5. Nge2 d6 6. 0-0 Nf6 7. a3 0-0 8. Rb1 a5 9. a4 Bd7 10. d3 Qc8 11. Nf4 Bg4 12. f3 Bd7 13. g4 Nb4 14. g5 Ne8 15. Nfd5 Qd8 16. Ne3 Nc7 17. f4 Bc6 18. f5 d5 19. Ng4 Bd4+ 20. Kh1 dxe4 21. Nxe4 Bxe4 22. dxe4 Bg7 23. Qf3 f6 24. gxf6 exf6 25. Nh6+ Kh8 26. fxg6 hxg6 27. Qh3 Qe8 28. Nf5+ Kg8 29. Nxg7 Kxg7 30. Bh6+ Kg8 31. Bxf8 Qxf8 32. Qd7 Ne8 33. e5 Ra6 34. c3 1-0

[Event "Montevideo Duchamp Cup 1st"]
[Site "Montevideo"]
[Date "2017.02.11"]
[Round "3"]
[White "Toledo, Javier"]
[Black "Churba, Daniel Albert"]
[Result "0-1"]
[WhiteElo "1862"]
[BlackElo "2111"]
[PlyCount "82"]
[EventDate "2017.02.09"]
[EventType "swiss"]
[EventRounds "9"]
[EventCountry "URU"]
[SourceTitle "CBM 176 Extra"]
[Source "ChessBase"]
[SourceDate "2017.03.02"]
[SourceVersion "1"]
[SourceVersionDate "2017.03.02"]
[SourceQuality "1"]

1. d4 Nf6 2. Nf3 g6 3. c4 Bg7 4. g3 0-0 5. Bg2 d6 6. 0-0 Nbd7 7. Nc3 e5 8. d5 a5 9. e4 Nc5 10. Qc2 Ne8 11. Bg5 f6 12. Be3 f5 13. Bg5 Nf6 14. Nd2 h6 15. Be3 b6 16. a3 Ng4 17. Bxc5 bxc5 18. h3 Nf6 19. exf5 gxf5 20. Rae1 e4 21. Qd1 Rb8 22. Nb5 Nd7 23. b3 Ne5 24. Re3 Bf6 25. f3 Rf7 26. fxe4 Bg5 27. Re2 a4 28. Nf3 Bf6 29. Nxe5 Bxe5 30. Rf3 axb3 31. Qxb3 Qg5 32. exf5 Bxf5 33. g4 Bg6 34. Rxf7 Bxf7 35. Qc2 h5 36. gxh5 Bxh5 37. Rxe5 Qxe5 38. Qd2 Rf8 39. Nxc7 Qd4+ 40. Qxd4 cxd4 41. Ne6 d3 0-1

[Event "Villa Martelli op"]
[Site "Villa Martelli"]
[Date "1999.??.??"]
[Round "5"]
[White "Churba, Daniel Albert"]
[Black "Lopez Hernandez, Carlos Manuel"]
[Result "1/2-1/2"]
[WhiteElo "2180"]
[BlackElo "2298"]
[PlyCount "98"]
[EventDate "1999.??.??"]
[EventType "swiss"]
[EventRounds "9"]
[EventCountry "ARG"]
[SourceTitle "EXT 2000"]
[Source "ChessBase"]
[SourceDate "1999.11.16"]
[SourceVersion "1"]
[SourceVersionDate "1999.11.16"]
[SourceQuality "1"]

1. e4 c5 2. c4 Nc6 3. Nc3 e6 4. g3 d6 5. Bg2 g6 6. Nge2 Bg7 7. 0-0 Nge7 8. d3 0-0 9. Rb1 Rb8 10. a3 Nd4 11. Be3 Nec6 12. b4 b6 13. Qd2 Nxe2+ 14. Nxe2 Bb7 15. Bh6 Qe7 16. Bxg7 Kxg7 17. d4 Rfd8 18. d5 Ne5 19. f4 Nd7 20. f5 exf5 21. exf5 Re8 22. Nc3 Ba6 23. Ne4 f6 24. b5 Bb7 25. Rbe1 Qf8 26. fxg6 hxg6 27. Qf4 Re5 28. Bh3 Bc8 29. Be6 Qe7 30. h4 Ra8 31. Qg4 a6 32. Bf5 Rxf5 33. Rxf5 Ne5 34. Rxe5 Qxe5 35. Qf4 Qxf4 36. gxf4 axb5 37. Nxd6 Bg4 38. Nxb5 Ra4 39. d6 Kf8 40. Nc7 Rxc4 41. Re8+ Kf7 42. Re7+ Kf8 43. Nd5 Ra4 44. d7 Bxd7 45. Rxd7 Rxa3 46. Nxb6 Rh3 47. Kg2 Rxh4 48. Nd5 f5 49. Rd8+ Kf7 1/2-1/2

[Event "Villa Martelli op"]
[Site "Villa Martelli"]
[Date "1999.??.??"]
[Round "6"]
[White "Radoszta, Armando Esteban"]
[Black "Churba, Daniel Albert"]
[Result "0-1"]
[WhiteElo "2040"]
[BlackElo "2180"]
[PlyCount "36"]
[EventDate "1999.??.??"]
[EventType "swiss"]
[EventRounds "9"]
[EventCountry "ARG"]
[SourceTitle "EXT 2000"]
[Source "ChessBase"]
[SourceDate "1999.11.16"]
[SourceVersion "1"]
[SourceVersionDate "1999.11.16"]
[SourceQuality "1"]

1. e4 c6 2. d4 d5 3. Nc3 dxe4 4. Nxe4 Nd7 5. c3 Ngf6 6. Ng3 e6 7. Nf3 Bd6 8. Bd3 0-0 9. 0-0 Qc7 10. Re1 b6 11. Qe2 Bb7 12. Ne5 c5 13. Nxd7 Qxd7 14. Bg5 Bxg3 15. Bxf6 Qd5 16. fxg3 gxf6 17. Qg4+ Qg5 18. Qxg5+ fxg5 0-1